000 00362pab a2200157 454500
008 180718b2008 xxu||||| |||| 00| 0 eng d
100 _aSinha, Shantha
245 _aChild rights: need for national commitment
260 _c2008
300 _ap.13-15.
362 _aNov
650 _aRights of the child
773 _aYojana
908 _aN
909 _a80693
999 _c80693
_d80693